00723nam a2200205 a 450000100060000000300090000600800410001502000150005604000280007108200090009910000210010824500610012926000500019030000070024049000270024765000700027494200120034499900170035695201440037313698CO-ViMGA141112s2004 ck r 000 u spa d a9589037712 aCO-ViMGAbspacCO-ViMGA04aESPf1 aEspinosa, German10aFederico Lleras Acosta : bLa guerra contra lo invisible aSantafé de Bogotá : bColciencias, c1998 a76 aJuvenil de Colciencias14aLLERAS ACOSTA, FEDERICO - 1877 - 1938 - LITERATURA JUVENIL919997 2ddccBK c24419d24419 00102ddc40708008aMEVIECARbMEVIECARd2015-12-04hVolumen. 1 | 11/jun/2009l0oESPf p13698r2015-12-04 00:00:00tEj. 1w2015-12-04yBK